[Event "Pfarrkirchen Rottal op 2nd"]
[Site "Pfarrkirchen"]
[Date "2018.04.02"]
[Round "6"]
[White "Auer, Maximilian"]
[Black "Wenski, Wolfgang"]
[Result "0-1"]
[WhiteElo "1183"]
[BlackElo "1623"]
[PlyCount "72"]
[EventDate "2018.03.30"]
[EventType "swiss"]
[EventRounds "7"]
[EventCountry "GER"]
[SourceTitle "CBM 183 Extra"]
[Source "ChessBase"]
[SourceDate "2018.04.19"]
[SourceVersion "1"]
[SourceVersionDate "2018.04.19"]
[SourceQuality "1"]

1. d4 Nf6 2. c4 d5 3. cxd5 Qxd5 4. Nc3 Qd8 5. Nf3 e6 6. e4 Be7 7. Qb3 c6 8. Bd3 0-0 9. 0-0 b6 10. Qc2 Ba6 11. b3 Bxd3 12. Qxd3 c5 13. Rd1 cxd4 14. Qxd4 Qxd4 15. Nxd4 Bb4 16. Rd3 Bxc3 17. Rxc3 Nxe4 18. Rc7 Rd8 19. Be3 Na6 20. Nb5 Nxc7 21. Nxc7 Rac8 22. Nb5 Rd7 23. f3 Nf6 24. h3 h6 25. Kf2 e5 26. Na3 Nd5 27. Rd1 Rcd8 28. Nc4 f6 29. Rc1 Nxe3 30. Kxe3 Rc7 31. a4 a6 32. Re1 b5 33. axb5 axb5 34. Nd2 Rc3+ 35. Ke2 Rcd3 36. Rd1 Kf7 0-1

[Event "Pfarrkirchen Rottal op 2nd"]
[Site "Pfarrkirchen"]
[Date "2018.03.31"]
[Round "3"]
[White "Bartsch, Ruediger"]
[Black "Auer, Maximilian"]
[Result "1-0"]
[WhiteElo "1729"]
[BlackElo "1183"]
[PlyCount "95"]
[EventDate "2018.03.30"]
[EventType "swiss"]
[EventRounds "7"]
[EventCountry "GER"]
[SourceTitle "CBM 183 Extra"]
[Source "ChessBase"]
[SourceDate "2018.04.19"]
[SourceVersion "1"]
[SourceVersionDate "2018.04.19"]
[SourceQuality "1"]

1. b3 d6 2. Bb2 Nc6 3. e3 e5 4. Bb5 Bd7 5. Ne2 Nf6 6. d4 exd4 7. Nxd4 Nxd4 8. Bxd7+ Qxd7 9. Qxd4 Be7 10. Nc3 c5 11. Qd3 Qc6 12. 0-0 0-0 13. Rad1 a6 14. a4 Rad8 15. e4 Rfe8 16. Nd5 Nxd5 17. exd5 Qd7 18. Qg3 Bf8 19. c4 b5 20. axb5 axb5 21. Rfe1 bxc4 22. bxc4 Rb8 23. Qc3 Qb7 24. Rxe8 Rxe8 25. Rb1 f6 26. g4 Qf7 27. Re1 Rxe1+ 28. Qxe1 Be7 29. f4 Kf8 30. f5 g6 31. Qe6 gxf5 32. Qxf5 Qg6 33. Bc1 Qxf5 34. gxf5 Kg8 35. Kf2 Bf8 36. Kf3 h6 37. Kg4 Kg7 38. Kh5 Kh7 39. Bf4 Be7 40. Bxh6 Kh8 41. Kg6 Kg8 42. Bg7 Bd8 43. h4 Ba5 44. Bxf6 Be1 45. h5 Bg3 46. h6 Be5 47. h7+ Kf8 48. h8Q# 1-0